000 00884nam a22002417a 4500
999 _c20254
_d20254
003 AR-CdUCM
008 190528b ||||| |||| 00| 0 spa d
040 _aMUNICIPALIDAD PROVINCIAL DEL CUSCO
_cBIBLIOTECA MUNICIPAL DEL CUSCO
041 _heng
082 _a636.088 /
_bH14
100 _aHafez, E. S. E.
_942331
245 _aReproducción de los animales de granja /
260 _aMéxico :
_bHerrero,
_c1962.
300 _a482 páginas ;
_bIlustraciones,
_c24 cm.
505 _aContenido: Endocrinologia de la reproducción -- Fisiología de la reproducción -- Pautas de la reproducción...
650 _aReproducción
_98380
650 _aAnimales de granja
_933237
650 _aFisiología animal
_921630
700 _aPalazon, Ramon (traducción)
_940479
700 _aPalazon Mayoral, Ana Ma. (traducción)
_942332
942 _2ddc
_cLIBROS
945 _adavv
_d2019-05-28